header

Identity, belonging and migration (Record no. 213833)

MARC details
000 -LEADER
fixed length control field 01386nam a2200349Ia 4500
245 00 - TITLE STATEMENT
Title Identity, belonging and migration
260 ## - PUBLICATION, DISTRIBUTION, ETC. (IMPRINT)
Place of publication Liverpool :
Name of publisher Liverpool University Press,
Year of publication 2008.
300 ## - PHYSICAL DESCRIPTION
Number of Pages xii, 329 p.
490 1# - SERIES STATEMENT
Series statement Studies in social and political thought ;
650 #0 - SUBJECT ADDED ENTRY--TOPICAL TERM
Topical Term Identity (Psychology)
Topical Term Migration, Internal
Topical Term Racism
700 1# - ADDED ENTRY--PERSONAL NAME
Personal name Delanty, Gerard.
Personal name Wodak, Ruth,
Personal name Jones, Paul,
856 40 - ELECTRONIC LOCATION AND ACCESS
Uniform Resource Identifier http://site.ebrary.com/lib/rucke/Doc?id=10369550

No items available.

© 2026 Rongo University
Contact us: librarian | system librarian | Rongo university